000 00825nam a22002415i 4500
001 176807
003 ES-MaACL
005 20250728111829.0
008 110211s1971 sp ao |||| | spa d
080 _a2(91)
100 1 _aMacKenzie, William.
_9145152
245 1 4 _aLas grandes aventuras espirituales /
_c[William Mackenzie ; traducción de Vicente de Artadi].
250 _a1ª ed.
260 _aEsplugas de Llobregat (Barcelona) :
_bPlaza & Janés,
_c1971.
300 _a251 p. :
_bil. bl. y n. ;
_c18 cm.
490 1 _aEnciclopedia Horizonte ;
_v14
504 _aBibliografía: p. 249-251.
650 0 7 _aReligiones
_2embne
_916814
700 0 _aArtadi, Vicente de.
_923414
830 0 _aEnciclopedia Horizonte ;
_v14
_9190248
852 _aES-MaACL
_jE-14283
_xOlim P-1404
999 _c176807
_d176807